000 00634nam a22002177a 4500
003 UA-OsUOA
001 88583
007 ta
008 20121009b un ||||| |||| 00| 0 ukr d
100 _aПискулов Д.
090 _a330
_bП34
942 _cSA
040 _aUA-OsUOA
_brus
_cUA-OsUOA
_dUA-OsUOA
245 _aСектор финансовых услуг России после вступления в ВТО
300 _aС.28-42
955 _a0
041 _arus
080 _a330
773 0 _w88582
_tМеждународная экономика
_dМ.
_d2012
_g9
650 7 _a330 Економіка взагалі
_2UDC
999 _c374562
_d374562